000 00291nam a22001337a 4500
008 171127b xxu||||| |||| 00| 0 eng d
020 _a9780395960080
041 _aeng
080 _25 ED
_a070
100 _a39
101 _aMED
245 _aPUBLIC SPEAKING
_cOSBORN,M
942 _2udc
_cBK
999 _c38563
_d38563